000 00866nam a22002297a 4500
003 OSt
005 20180116192422.0
008 140625t xxu||||| |||| 00| 0 eng d
040 _csada
082 _221
_a693.83
_bAGA
110 0 _aAga Khan Planning and Building Service Pakistan.
_97569
245 1 0 _aEnergy efficient building guidelines for non-engineered buildings in Gilgit Baltistan and Chitral Region of Pakistan.
260 _aS.L :
_bS.N,
_c2013.
300 _a19 p.;ill.
650 1 0 _aEnergy efficient buildings
_2LCSH
_bHimalayas.
_97570
710 1 _aUnited Nations Development Programme. (UNDP)
_97571
710 1 _aGlobal Environment facility. (GEF)
_97572
710 1 _aAGA Khan foundation. (Pakistan)
_97573
710 1 _aMinistry of Environment Government of Pakistan.
_97574
710 1 _aGovernment of Gilgat Baltistan.
_97575
942 _2ddc
_cBK
999 _c353959
_d353959